Introduction to operations and supply chain management (Record no. 268857)

MARC details
000 -LEADER
fixed length control field 00570nam a2200193Ia 4500
008 - FIXED-LENGTH DATA ELEMENTS--GENERAL INFORMATION
fixed length control field 191130s2006##################000#0#eng##
020 ## - INTERNATIONAL STANDARD BOOK NUMBER
ISBN 9788131703205
082 ## - DEWEY DECIMAL CLASSIFICATION NUMBER
Classification number 658.7 BOZ
100 ## - MAIN ENTRY--AUTHOR NAME
Personal name Bozarth, Cecil
245 ## - TITLE STATEMENT
Title Introduction to operations and supply chain management
Statement of responsibility, etc Cecil Bozarth
260 ## - PUBLICATION, DISTRIBUTION, ETC. (IMPRINT)
Place of publication New Delhi
Name of publisher Dorling Kindersley (India) Pvt. Ltd
Year of publication 2006
300 ## - PHYSICAL DESCRIPTION
Number of Pages xxiv,551p. : ill. ; 26cm
500 ## - GENERAL NOTE
General note Includes index
650 ## - SUBJECT ADDED ENTRY--TOPICAL TERM
Topical Term Management
991 ## -
-- 113503
Holdings
Withdrawn status Lost status Damaged status Not for loan Home library Current library Shelving location Date acquired Full call number Accession Number Price effective from Koha item type
        Anna Centenary Library Anna Centenary Library 6TH FLOOR, B WING 13.10.2020 658.7 BOZ 93723 13.10.2020 English Books

Find us on the map